000 00850 a2200241 4500
005 20160328110602.0
008 160328s1985 xxud|||fr|||| 001 0 eng d
020 _a9780674005600
040 _aCO-BoUCM
_bspa
_cSaul Niño
_dSaul Niño
041 _aeng
100 1 0 _aAmemiya, Takeshi
_976293
245 1 0 _aAdvanced econometrics
_cTakeshi Amemiya
260 _bHarvard University Press
_c1985
_aCambridge (Massachusetts, Estados Unidos)
300 _avi, 521 páginas
_bgráficas
504 _aIncluye referencias bibliográficas e índices
546 _aTexto en ingles
650 7 _9174
_aEconomía
650 0 _929161
_aCiencias sociales
_xMétodos estadísticos
650 7 _913743
_aEcuaciones simultaneas
690 0 _aEconometría
_913653
942 _cLIBRO
_2DEWEY
_a7
_e1
_h330.028
_mA499ad
999 _c302850
_d302850